Understanding strategic management /

Na minha lista:
Detalhes bibliográficos
Autor principal: Henry, Antony
Formato: Livro
Publicado em: New York: Oxford University Press, 2008.
Assuntos:
Acesso em linha:http://www.loc.gov/catdir/toc/ecip088/2008001027.html
Tags: Adicionar Tag
Sem tags, seja o primeiro a adicionar uma tag!

MARC

LEADER 00000cam a22000004a 4500
020 |a 9780273694984  |c TZS 16,950.30 
040 |a MUL  |b eng  |e AACR 
082 0 0 |a 658.4012 HEN 
100 1 |a Henry, Antony 
245 1 0 |a Understanding strategic management /  |c Antony, Henry. 
260 |a New York:  |b Oxford University Press,  |c 2008. 
300 |a xxv, 441 p. :  |b ill. ;  |c 25 cm. 
504 |a Includes bibliographical references and index. 
650 0 |a Strategic planning. 
650 0 |a Business planning. 
856 4 1 |u http://www.loc.gov/catdir/toc/ecip088/2008001027.html 
942 |c BK 
999 |c 5248  |d 5248